Statistics for Rainbow Six: Siege All Weapons

Click here to take the quiz!

General Stats

  • This quiz has been taken 456 times
  • The average score is 18 of 86

Answer Stats

HintAnswer% Correct
FBI SWATR4-C
78%
GIGNMP5
73%
FBI SWATG36C
59%
GIGNP9
57%
SASSMG-11
56%
FBI SWATUMP45
56%
GSG-9MP7
50%
SASMP5K
49%
GIGNF2
46%
GSUTR (Delta Force)M4
46%
GIGNP90
43%
NAVY SEALMPX
42%
SPETSNAZAK-12
41%
GSG-9552 Commando
39%
SASAR33
36%
GSG-9P12
35%
707th SMBSMG-12
35%
GSG-9416-C Carbine
33%
SASL85A2
33%
FBI SWAT556xi
31%
SPETSNAZPMM
31%
GEOVector .45 ACP
29%
GIGN417
28%
707th SMBBOSG.12.2
28%
FBI SWATM1014
27%
FBI SWATM45 MEUSOC
26%
GSG-9AUG A2
25%
SASFMG-9
25%
SATBearing 9
23%
NAVY SEALD-50
23%
FBI SWAT5.7 USG
22%
SATMP5SD
22%
GSG-9M870
21%
BOPEPRB92 (Luison)
21%
GROMScorpion EVO 3 A1
21%
SASP226 Mk 25
19%
BOPEM12
18%
BOPESPAS-15
18%
GEOC7E
17%
SPETSNAZSASG-12
17%
GSG-9G8A1
16%
SPETSNAZGSh-18
16%
SATSuperNova
16%
JTF 2C8-SFW
15%
SASM590A1
15%
707th SMBMk 14 EBR
15%
GIGNSG-CQB
15%
SATType-89
15%
707th SMBK1A
14%
BOPEM249
14%
SPETSNAZ (Outbreak)Spear .308
14%
BOPEPARA-308
13%
GSUTR (Delta Force)1911 TACOPS
11%
SPETSNAZ9x19VSN
11%
JTF 2CAMRS
11%
GEOPDW9
11%
NAVY SEALSR-25
11%
SDUT-5 SMG
11%
GIGNLFP586
10%
GROMM762
10%
JTF 2Super 90
10%
GIGN (Outbreak)V308
10%
GSUTR (Delta Force)AR-15.50
9%
707th SMBC75 Auto
9%
NAVY SEALMk17 CQB
9%
SPETSNAZOTs-03
9%
SPETSNAZ6P41
8%
GROMLMG-E
8%
SATP229
8%
GISALDA 5.56
7%
GEOITA12S
7%
JTF 2Mk1 9mm
7%
GISMx4 Storm
7%
GROMRG15
7%
GEOITA12L
6%
GISKeratos .357
6%
GEOUSP40
6%
GISACS12
5%
GROMFO-12
5%
GISBailiff 410
4%
GSUTR (Delta Force)P-10C
4%
SDUSIX12
4%
GSUTR (Delta Force)SPSMG9
4%
SDUQ-929
3%
SDUSIX12 SD
3%
SDUT-95 LSW
3%

Score Distribution

Percentile by Number Answered

Percent of People with Each Score

Your Score History

You have not taken this quiz